| 000 | 005570000a22001810004500 | ||
|---|---|---|---|
| 003 | MACL | ||
| 005 | 20160602151448.0 | ||
| 008 | 160602b xxu||||| |||| 00| 0 eng d | ||
| 040 |
_aMACL _cMACL |
||
| 041 | _aHindi | ||
| 082 | _a920 | ||
| 100 |
_aडॉ खेतान, प्रभा _961709 |
||
| 245 |
_aअन्या से अनन्या _cडॉ प्रभा खेतान |
||
| 260 |
_bराजकमल प्रकाशन _c2007 _aपटना |
||
| 350 | _a250 | ||
| 650 |
_aAutobiography _961710 |
||
| 942 |
_cHIN _k920 _2ddc |
||
| 999 |
_c22682 _d22682 |
||